Nuestra verdadera situación política y el Partido Democrático / (Record no. 146714)

MARC details
000 -LEADER
campo de control de longitud fija 00518nam a2200157 i 4500
001 - NÚMERO DE CONTROL
campo de control 146714
003 - IDENTIFICADOR DE NÚMERO DE CONTROL
campo de control ES-MaACL
005 - FECHA Y HORA DE LA ÚLTIMA TRANSACCIÓN
campo de control 20230906201637.0
007 - CAMPO FIJO DE DESCRIPCIÓN FÍSICA--INFORMACIÓN GENERAL
campo de control de longitud fija t|
008 - DATOS DE LONGITUD FIJA--INFORMACIÓN GENERAL
campo de control de longitud fija 070917s1910 mx |||| | spa d
100 1# - ENTRADA PRINCIPAL--NOMBRE DE PERSONA
Nombre de persona Trejo Lerdo de Tejada, Carlos.
9 (RLIN) 111289
245 10 - MENCIÓN DEL TÍTULO
Título Nuestra verdadera situación política y el Partido Democrático /
Mención de responsabilidad, etc. C. Trejo Lerdo de Tejada.
260 ## - PUBLICACIÓN, DISTRIBUCIÓN, ETC.
Lugar de publicación, distribución, etc. México :
Nombre del editor, distribuidor, etc. [Talls. Tip. de "El Tiempo"],
Fecha de publicación, distribución, etc. 1910.
651 #4 - PUNTO DE ACCESO ADICIONAL DE MATERIA--NOMBRE GEOGRÁFICO
Nombre geográfico México-
Subdivisión general Política y gobierno.
9 (RLIN) 157848
852 ## - LOCALIZACIÓN
Ubicación ES-MaACL
Número de control de estantería 1563-F-16
Holdings
Estatus retirado Estado de pérdida Estado de daño No para préstamo Colección Biblioteca de origen Biblioteca actual Ubicación en estantería Fecha de adquisición Fuente de adquisición Total de préstamos Signatura topográfica completa Código de barras Visto por última vez Precio de reemplazo Tipo de ítem Koha
        Colección de folletos Biblioteca del Ateneo de Madrid Biblioteca del Ateneo de Madrid Depósito folletos 17/01/2008     1563-F-16 1153123 23/02/2023 23/02/2023 Folleto